Municipalities of Heilongjiang Province - Statistics

General Stats
  • This quiz has been taken 140 times
  • The average score is 8 of 13
Answers on the Map
Answers color-coded by a green-red scale on the quiz's map according to % correct below.
 
Answer Stats
Answer % Correct
Harbin 哈尔滨
100%
Qiqihar 齐齐哈尔
77%
Daqing 大庆
74%
Heihe 黑河
74%
Jiamusi 佳木斯
61%
Mudanjiang 牡丹江
61%
Jixi 鸡西
58%
Qitaihe 七台河
55%
Shuangyashan 双鸭山
52%
Hegang 鹤岗
48%
Daxing'anling 大兴安岭
45%
Yichun 伊春
42%
Suihua 绥化
32%
No matching quizzes found
Score Distribution
Percent of People with Each Score
Percentile by Number Answered
Your Score History
You have not taken this quiz